The Benefactor

Enregistré dans:
Détails bibliographiques
Auteur principal: Woodcock, George
Format: Livre
Langue:Undetermined
Publié: British, Columbia Oolichan Books 1982
Sujets:
Tags: Ajouter un tag
Pas de tags, Soyez le premier à ajouter un tag!

MARC

LEADER 00000nam a2200000Ia 4500
008 170316s9999 xx 000 0 und d
040 |a cru BVZT 
090 |a 818 W-8b 
100 |a Woodcock, George 
245 4 |a The Benefactor 
260 |a British, Columbia 
260 |b Oolichan Books 
260 |c 1982 
300 |a 67 páginas 
650 |a LITERATURA CANADIENSE 
999 |c 6689  |d 6689 
942 |c 15 D  |h 818 W-8b  |2 z